Personalentwicklung in Pflege- und Gesundheitseinrichtungen : (Record no. 1467)
[ view plain ]
| 000 -LEADER | |
|---|---|
| fixed length control field | 04514cam a22005295i 4500 |
| 001 - CONTROL NUMBER | |
| control field | data |
| 005 - DATE AND TIME OF LATEST TRANSACTION | |
| control field | 20260322212101.0 |
| 006 - FIXED-LENGTH DATA ELEMENTS--ADDITIONAL MATERIAL CHARACTERISTICS | |
| fixed length control field | data |
| 007 - PHYSICAL DESCRIPTION FIXED FIELD--GENERAL INFORMATION | |
| fixed length control field | data |
| 008 - FIXED-LENGTH DATA ELEMENTS--GENERAL INFORMATION | |
| fixed length control field | data |
| 035 ## - SYSTEM CONTROL NUMBER | |
| System control number | 21771909 |
| 010 ## - LIBRARY OF CONGRESS CONTROL NUMBER | |
| LC control number | 2019761269 |
| 020 ## - INTERNATIONAL STANDARD BOOK NUMBER | |
| International Standard Book Number | 9783642373244 |
| 024 7# - OTHER STANDARD IDENTIFIER | |
| Standard number or code | 10.1007/978-3-642-37324-4 |
| Source of number or code | doi |
| 035 ## - SYSTEM CONTROL NUMBER | |
| System control number | (DE-He213)978-3-642-37324-4 |
| 040 ## - CATALOGING SOURCE | |
| Original cataloging agency | DLC |
| Language of cataloging | eng |
| Description conventions | rda |
| -- | rda |
| Transcribing agency | DLC |
| 072 #7 - SUBJECT CATEGORY CODE | |
| Subject category code | MED058000 |
| Source | bisacsh |
| 072 #7 - SUBJECT CATEGORY CODE | |
| Subject category code | MQC |
| Source | bicssc |
| 072 #7 - SUBJECT CATEGORY CODE | |
| Subject category code | MQC |
| Source | thema |
| 082 04 - DEWEY DECIMAL CLASSIFICATION NUMBER | |
| Classification number | 610.73 |
| Edition information | 23 |
| 097 00 - | |
| -- | RT1-120 |
| 245 00 - TITLE STATEMENT | |
| Title | Personalentwicklung in Pflege- und Gesundheitseinrichtungen : |
| Remainder of title | Erfolgreiche Konzepte und Praxisbeispiele aus dem In-und Ausland / |
| Statement of responsibility, etc. | herausgegeben von Renate Tewes, Alfred Stockinger. |
| 250 ## - EDITION STATEMENT | |
| Edition statement | 1st ed. 2014. |
| 264 #1 - PRODUCTION, PUBLICATION, DISTRIBUTION, MANUFACTURE, AND COPYRIGHT NOTICE | |
| Place of production, publication, distribution, manufacture | Berlin, Heidelberg : |
| Name of producer, publisher, distributor, manufacturer | Imprint: Springer, |
| -- | Imprint: Springer, |
| Date of production, publication, distribution, manufacture, or copyright notice | 2014. |
| 300 ## - PHYSICAL DESCRIPTION | |
| Extent | 1 online resource (XXIII, 258 S. 51 Abb., 46 Abb. in Farbe.) |
| 336 ## - CONTENT TYPE | |
| Content type term | text |
| Content type code | txt |
| Source | rdacontent |
| 337 ## - MEDIA TYPE | |
| Media type term | computer |
| Media type code | c |
| Source | rdamedia |
| 338 ## - CARRIER TYPE | |
| Carrier type term | online resource |
| Carrier type code | cr |
| Source | rdacarrier |
| 347 ## - DIGITAL FILE CHARACTERISTICS | |
| File type | text file |
| Encoding format | |
| Source | rda |
| 505 0# - FORMATTED CONTENTS NOTE | |
| Formatted contents note | Personalentwicklung im Fokus von Kliniken und Pflegeeinrichtungen -- Erfolgreiche Personalentwicklungsprojekte am Universitätsklinikum Freiburg im Pflege- und Prozessmanagement -- Vom klassischen Pflegemanagement zur fortschrittlichen Pflegeentwicklung: Auf dem Weg zu einem neuen Selbstverständnis in der Führung des Pflegedienstes am Robert-Bosch-Krankenhaus in Stuttgart -- Teamkompetenztraining am Universitätsklinikum Tübingen - Eine neue Form der Personalentwicklung -- Trainee-Programm zur Entwicklung und Qualifizierung von Führungsnachwuchskräften im Pflegedienst am Universitätsklinikum Regensburg -- Personalentwicklung in der Altenhilfe dargestellt am Praxisbeispiel der Unternehmensgruppe Mediana/Seniana -- Personalentwicklung bei einem Bildungsanbieter -- Stressmanagement in der britischen Pflege -- Evidenzbasiertes Management verbessert die Berufszufriedenheit in der Türkei -- Entwicklung resilienter Pflegefachkräfte in der australischen Pflege -- Integration von ausländischen Pflegefachkräften in die stationäre Altenpflege Norwegens -- Practice Development - ein Konzept zur Entwicklung der beruflichen Pflegepraxis in Irland -- Einführung komplementärer Heilmethoden in einem Akutkrankenhaus in den USA -- Ein Karrieremodell für die Pflege in der Schweiz -- Wohlbefinden fördern durch holistische Systemführung: Das Modell des Centers for Spirituality and Healing in den USA -- Zukunft der Personalentwicklung in der Pflege -- Anhang. |
| 520 ## - SUMMARY, ETC. | |
| Summary, etc. | Praxisbeispiele gelungener Personalentwicklung Personalentwicklung (PE) ist ein wichtiger Baustein für eine nachhaltige Mitarbeiterstruktur in Gesundheits- und Pflegeeinrichtungen. Dieses Handbuch unterstützt Personalverantwortliche ein PE-Konzept systematisch zu planen und einzelne Mitarbeiter und Berufsgruppen individuell zu fördern. Dazu erhalten sie Informationen zu folgenden Themen: Analyse des Entwicklungspotenzials in Ihrer Einrichtung Konzepte für eine ganzheitliche Personalentwicklung Erfolgreiche Praxisbeispiele aus dem Gesundheitswesen aus Deutschland, Europa und den USA Anleitungen und Instrumente für die Umsetzung Trends und innovative Ansätze für die Zukunft Profitieren Sie von den Erfahrungen anderer und nutzen Sie das Know-how für eine Personalentwicklung, die die Zukunft Ihrer Einrichtung sichert. Für alle Personalverantwortlichen und Einrichtungsleitungen in Krankenhäusern und Pflegeeinrichtungen. Der Schlüssel zu zufriedenen und hoch qualifizierten Mitarbeitern. |
| 588 ## - SOURCE OF DESCRIPTION NOTE | |
| Source of description note | Description based on publisher-supplied MARC data. |
| 650 #0 - SUBJECT ADDED ENTRY--TOPICAL TERM | |
| Topical term or geographic name entry element | Nursing administration. |
| 650 #0 - SUBJECT ADDED ENTRY--TOPICAL TERM | |
| Topical term or geographic name entry element | Nursing |
| General subdivision | Research. |
| 650 #0 - SUBJECT ADDED ENTRY--TOPICAL TERM | |
| Topical term or geographic name entry element | Nursing. |
| 650 14 - SUBJECT ADDED ENTRY--TOPICAL TERM | |
| Topical term or geographic name entry element | Nursing. |
| Authority record control number or standard number | https://scigraph.springernature.com/ontologies/product-market-codes/H41005 |
| 650 24 - SUBJECT ADDED ENTRY--TOPICAL TERM | |
| Topical term or geographic name entry element | Nursing Management. |
| Authority record control number or standard number | https://scigraph.springernature.com/ontologies/product-market-codes/H41013 |
| 650 24 - SUBJECT ADDED ENTRY--TOPICAL TERM | |
| Topical term or geographic name entry element | Nursing Research. |
| Authority record control number or standard number | https://scigraph.springernature.com/ontologies/product-market-codes/H41030 |
| 700 1# - ADDED ENTRY--PERSONAL NAME | |
| Personal name | Stockinger, Alfred. |
| Relator term | editor. |
| 700 1# - ADDED ENTRY--PERSONAL NAME | |
| Personal name | Tewes, Renate. |
| Relator term | editor. |
| 776 08 - ADDITIONAL PHYSICAL FORM ENTRY | |
| Relationship information | Print version: |
| Title | Personalentwicklung in pflege- und gesundheitseinrichtungen. |
| International Standard Book Number | 9783642373237 |
| Record control number | (DLC) 2013953631 |
| 776 08 - ADDITIONAL PHYSICAL FORM ENTRY | |
| Relationship information | Printed edition: |
| International Standard Book Number | 9783642373237 |
| 906 ## - LOCAL DATA ELEMENT F, LDF (RLIN) | |
| a | 0 |
| b | ibc |
| c | origres |
| d | u |
| e | ncip |
| f | 20 |
| g | y-gencatlg |
| 925 0# - | |
| -- | acquire |
| -- | pcnspringer |
| -- | policy default |
| 985 ## - | |
| -- | springerpcn |
| -- | batch6 |
| 991 ## - | |
| -- | s-Online |
| -- | Electronic Resource |
| Withdrawn status | Lost status | Damaged status | Not for loan | Home library | Current library | Shelving location | Date acquired | Total checkouts | Full call number | Barcode | Date last seen | Price effective from | Koha item type |
|---|---|---|---|---|---|---|---|---|---|---|---|---|---|
| Riverside | Riverside | General stacks | 22/03/2026 | 610.73 | LOC-RPL-00014 | 22/03/2026 | 22/03/2026 | Books |